000 00715nam a2200229Ia 4500
003 GCL
008 140319s9999 xx 000 0 ara d
040 _aGCL /
_cGCL
082 0 4 _a810.9
_bا ج
100 1 _aاحمد حسين الطماوى
245 1 0 _aجرجى زيدان /
_cاحمد حسين الطماوى
260 _a[S.N] :
_bالهيئة المصرية العامة للكتاب ،
_c1992
300 _a245 ص
490 _aنقاد الادب
_v0
650 0 4 _aالشعر العربى
650 0 4 _aالادب العربى
650 0 4 _aاللغة العربية
650 0 4 _aالقصة العربية
650 0 4 _aجرجى زيدان
650 0 4 _aتاريخ ونقد
942 _2ddc
_cBK
999 _c30582
_d30582